LEADER 01082nlm 2200289 n 450 001 996539771403316 005 20230720111528.0 100 $a19920311d1604---- uy | 101 0 $alat 102 $aUK 135 $adrcnu 200 1 $aInstitutio Graecae grammatices compendiaria$eIn usum Regię Schola Westmonasteriensis. Accessit breve lexicon primitivarum Gręcę linguę dictionum 210 1 $aExcusum Londini$c[T. Dawson], per assignationem Iohannis Batersbie$dM. DC. IIII. [1604] 215 $aTesto elettronico (PDF) ( [128] p.) 230 $aBase dati testuale 300 $aAlcune pagine segnate e strettamente rilegate 300 $aFirme: A-H 300 $aIn calce al titolo: Cum priuilegio Regiae Maiestatis 300 $aRiproduzione dell'originale nella Cambridge University Library 606 0 $aLingua greca$xGrammatica$2BNCF 700 1$aCAMDEN,$bWilliam$f1551-1623.$0694594 801 0$aIT$bcba$cREICAT 912 $a996539771403316 959 $aEB 969 $aER 996 $aInstitutio Graecae grammatices compendiaria$92311835 997 $aUNISA LEADER 00962cam2 22002653 450 001 SOBE00076840 005 20230727132629.0 100 $a20230727d2002 |||||ita|0103 ba 101 $aita 102 $aIT 200 0 $a2$fFrancesco Caringella, Roberto Garofoli 210 $aMilano$cGiuffrč$d[2002] 215 $aP. 809-1647$d24 cm 461 1$1001SOB016832$12001 $aStudi di Diritto Penale : per la preparazione ai concorsi pubblici e l'aggiornamento professionale / Francesco Caringella, Roberto Garofoli 700 1$aCaringella$b, Francesco$3AF00003949$4070$039804 701 1$aGarofoli, Roberto$3AF00010900$4070$0415495 801 0$aIT$bUNISOB$c20230727$gRICA 850 $aUNISOB 852 $aUNISOB$j340$m110072 912 $aSOBE00076840 940 $aM 102 Monografia moderna SBN 941 $aW 957 $a340$b003716$i-2$gSI$d110072$1rovito$2UNISOB$3UNISOB$420230727132610.0$520230727132629.0$6rovito 996 $a2$93399466 997 $aUNISOB